000 01061nam a2200217Ia 4500
001 15775
003 GE_BSU
008 181216s||||||||xx |||||||||||||| ||und||
040 _cGE_BSU
080 _a821.353.1+ 94(479.22)
100 _aჭავჭავაძე, ი. (ილია, 1837-1907)
245 _aნაწერების სრული კრებული : 9 ტომად.ტ. 5. ერი და ისტორია.
245 _bერი და ისტორია..ქართული წიგნი, 1927
245 _cშედარებული პირველ წყაროებთან და შევს. ახალი ტექსტებით პავლე ინგოროყვას და ალ. აბაშელის რედაქციით
260 _aტფილისი
260 _c1927
300 _a290 გვ.19 სმ
653 _aერი და ისტორია
653 _aნაწერების სრული კრებული
942 _cBK
999 _c48873
_d48873